[Event "NED-chT 1718"]
[Site "Netherlands"]
[Date "2017.11.25"]
[Round "4.10"]
[White "Slagter, David"]
[Black "Duijn, Rob"]
[Result "1-0"]
[WhiteElo "2193"]
[BlackElo "2177"]
[PlyCount "63"]
[EventDate "2017.09.16"]
[EventType "team-tourn"]
[EventRounds "9"]
[EventCountry "NED"]
[SourceTitle "EXT 2019"]
[Source "ChessBase"]
[SourceDate "2018.10.10"]
[SourceVersion "1"]
[SourceVersionDate "2018.10.10"]
[SourceQuality "1"]
[WhiteTeam "Groningen Combinatie"]
[BlackTeam "Kennemer Combinatie"]
[WhiteTeamCountry "NED"]
[BlackTeamCountry "NED"]

1. e4 c6 2. d4 d5 3. f3 dxe4 4. fxe4 e5 5. Nf3 Be6 6. c3 exd4 7. cxd4 Nf6 8. Bd3 Nbd7 9. Nc3 Be7 10. Qc2 h6 11. Bf4 g5 12. Be3 Qa5 13. Nd2 a6 14. h3 Rd8 15. Nc4 Qc7 16. Bf2 b5 17. Ne3 Nb6 18. 0-0 Rg8 19. Ne2 Qd7 20. Rad1 h5 21. d5 cxd5 22. e5 Rc8 23. Qb1 g4 24. hxg4 Bxg4 25. exf6 Bxe2 26. Bxe2 Qh3 27. fxe7 Nc4 28. Bxc4 Rxc4 29. Qd3 d4 30. Qh7 Rg5 31. Rxd4 Rxd4 32. Qh8+ 1-0

[Event "Groningen op compact-A 51st"]
[Site "Groningen"]
[Date "2013.12.27"]
[Round "2"]
[White "Slagter, David"]
[Black "Van Velzen, Martin"]
[Result "1-0"]
[WhiteElo "2167"]
[BlackElo "2027"]
[PlyCount "105"]
[EventDate "2013.12.26"]
[EventType "swiss"]
[EventRounds "5"]
[EventCountry "NED"]
[SourceTitle "CBM 158 Extra"]
[Source "ChessBase"]
[SourceDate "2014.02.28"]
[SourceVersion "1"]
[SourceVersionDate "2014.02.28"]
[SourceQuality "1"]

1. e4 g6 2. Nc3 Bg7 3. Bc4 c5 4. f4 Nc6 5. Nf3 e6 6. 0-0 Nge7 7. e5 d5 8. exd6 Nf5 9. Ne4 Nxd6 10. Nxd6+ Qxd6 11. d3 0-0 12. c3 b6 13. Ng5 Bb7 14. Ne4 Qd7 15. a3 Ne7 16. Qe1 Nf5 17. a4 Nd6 18. Nxd6 Qxd6 19. Qh4 a6 20. Be3 Qd7 21. Rfd1 b5 22. Bb3 b4 23. Rac1 bxc3 24. bxc3 Bxg2 25. Bxc5 Rfb8 26. Bc4 Bb7 27. Qg3 Qxa4 28. f5 Qc6 29. d4 exf5 30. Rb1 f4 31. Qh3 Bc8 32. Qg2 f3 33. Qg3 Rxb1 34. Rxb1 Bb7 35. Kf2 Qe4 36. Bxf7+ Kxf7 37. Qc7+ Kg8 38. Rxb7 Qe2+ 39. Kg3 Qg2+ 40. Kf4 Bh6+ 41. Ke5 Qg5+ 42. Kd6 Bf8+ 43. Kc6 Qf6+ 44. Kd5 Qd8+ 45. Qxd8 Rxd8+ 46. Kc6 Bxc5 47. dxc5 Rc8+ 48. Kd6 Kf8 49. c6 Ke8 50. c7 f2 51. Rb1 a5 52. Rf1 Ra8 53. Kc6 1-0

[Event "Borne Euro Chess op-A"]
[Site "Borne"]
[Date "2011.08.04"]
[Round "6"]
[White "Warmelink, Evie"]
[Black "Slagter, David"]
[Result "0-1"]
[WhiteElo "2058"]
[BlackElo "2130"]
[PlyCount "90"]
[EventDate "2011.08.01"]
[EventType "swiss"]
[EventRounds "9"]
[EventCountry "NED"]
[SourceTitle "CBM 143 Extra"]
[Source "ChessBase"]
[SourceDate "2011.08.29"]
[SourceVersion "1"]
[SourceVersionDate "2011.08.29"]
[SourceQuality "1"]

1. e4 e6 2. d4 d5 3. Nd2 h6 4. Bd3 Nf6 5. e5 Nfd7 6. f4 c5 7. c3 Nc6 8. Ne2 cxd4 9. cxd4 g5 10. f5 exf5 11. Bxf5 Ndxe5 12. 0-0 Qb6 13. Nb3 Bg7 14. Nc3 Ne7 15. Na4 Qb4 16. Bxc8 Rxc8 17. Nac5 N5g6 18. Be3 0-0 19. Nd7 Rfd8 20. Nf6+ Bxf6 21. Rxf6 Rd6 22. Rf2 b6 23. Qh5 Kg7 24. Raf1 f6 25. g3 Re6 26. Rf3 Rc2 27. h4 Rxb2 28. hxg5 hxg5 29. Bxg5 Ng8 30. Qg4 Qe7 31. Bc1 Rxa2 32. Rf5 Ree2 33. Qh3 Qe4 34. Bd2 Raxd2 35. Nxd2 Rxd2 36. Rh5 Qxd4+ 37. Kh1 Qe4+ 38. Kg1 Nh6 39. Rc1 Qd4+ 40. Kh1 Rd1+ 41. Rxd1 Qxd1+ 42. Kg2 Qd2+ 43. Kg1 Ne5 44. Qf1 Qe3+ 45. Kg2 Qe4+ 0-1

[Event "NED-ch op U18"]
[Site "Enschede"]
[Date "2010.08.13"]
[Round "8"]
[White "Slagter, David"]
[Black "Klapwijk, Bram"]
[Result "1-0"]
[WhiteElo "2099"]
[BlackElo "2013"]
[PlyCount "53"]
[EventDate "2010.08.09"]
[EventType "swiss"]
[EventRounds "9"]
[EventCountry "NED"]
[SourceTitle "CBM 137 Extra"]
[Source "ChessBase"]
[SourceDate "2010.09.01"]
[SourceVersion "1"]
[SourceVersionDate "2010.09.01"]
[SourceQuality "1"]

1. e4 c5 2. Nf3 e6 3. d4 cxd4 4. Nxd4 Nf6 5. Nc3 d6 6. Bg5 Be7 7. Qd2 a6 8. 0-0-0 0-0 9. f4 Nbd7 10. Rg1 Qc7 11. g4 h6 12. Bxf6 Bxf6 13. h4 Nb6 14. g5 hxg5 15. e5 dxe5 16. hxg5 Bxg5 17. fxg5 exd4 18. Ne4 Rd8 19. g6 Qe5 20. gxf7+ Kxf7 21. Bd3 Nd5 22. Rg5 Qb8 23. Rxg7+ Kxg7 24. Qg5+ Kf7 25. Rf1+ Ke8 26. Qg7 Ne7 27. Nf6# 1-0

[Event "NED-ch op U18"]
[Site "Enschede"]
[Date "2010.08.10"]
[Round "4"]
[White "Slagter, David"]
[Black "Blom, Vincent"]
[Result "1-0"]
[WhiteElo "2099"]
[BlackElo "2089"]
[PlyCount "69"]
[EventDate "2010.08.09"]
[EventType "swiss"]
[EventRounds "9"]
[EventCountry "NED"]
[SourceTitle "CBM 137 Extra"]
[Source "ChessBase"]
[SourceDate "2010.09.01"]
[SourceVersion "1"]
[SourceVersionDate "2010.09.01"]
[SourceQuality "1"]

1. e4 d6 2. d4 Nf6 3. Nc3 g6 4. Bg5 c6 5. Qd2 b5 6. a3 a6 7. 0-0-0 Bb7 8. Nf3 h6 9. Bf4 Bg7 10. Bd3 g5 11. Bg3 Nh5 12. e5 Nxg3 13. hxg3 d5 14. Nxg5 hxg5 15. Qxg5 Rxh1 16. Rxh1 Bf8 17. Rh8 Kd7 18. e6+ fxe6 19. Qf4 c5 20. Rxf8 Qc7 21. dxc5 Qxf4+ 22. gxf4 Nc6 23. Rxa8 Bxa8 24. Kd2 Nd4 25. Ne2 Nc6 26. c3 e5 27. fxe5 Nxe5 28. f4 Nf7 29. Nd4 e5 30. Bg6 exd4 31. Bxf7 dxc3+ 32. Kxc3 d4+ 33. Kxd4 Bxg2 34. Bd5 Bh3 35. b4 1-0

[Event "NED-ch op U18"]
[Site "Enschede"]
[Date "2010.08.10"]
[Round "3"]
[White "Van der Hoeven, Gert Jan"]
[Black "Slagter, David"]
[Result "1/2-1/2"]
[WhiteElo "2271"]
[BlackElo "2099"]
[PlyCount "59"]
[EventDate "2010.08.09"]
[EventType "swiss"]
[EventRounds "9"]
[EventCountry "NED"]
[SourceTitle "CBM 137 Extra"]
[Source "ChessBase"]
[SourceDate "2010.09.01"]
[SourceVersion "1"]
[SourceVersionDate "2010.09.01"]
[SourceQuality "1"]

1. Nf3 Nf6 2. g3 g6 3. Bg2 Bg7 4. 0-0 0-0 5. d3 d5 6. c4 c6 7. Nc3 Bg4 8. Qc2 Nbd7 9. Bg5 dxc4 10. dxc4 Qa5 11. Bd2 Bxf3 12. exf3 Qa6 13. b3 Rad8 14. Rfe1 e6 15. Rad1 Qb6 16. Be3 Qa5 17. Re2 Qf5 18. Qxf5 gxf5 19. Red2 Rc8 20. Na4 b5 21. Nc5 Nb6 22. Bf1 bxc4 23. bxc4 Rfe8 24. Nb7 Rc7 25. Na5 Nfd7 26. Bd4 Bxd4 27. Rxd4 Ne5 28. Kg2 c5 29. Rd6 Kf8 30. f4 1/2-1/2

[Event "NED-ch U21"]
[Site "Haarlem"]
[Date "2010.05.04"]
[Round "6"]
[White "Slagter, David"]
[Black "Evengroen, Henk Jan"]
[Result "1-0"]
[WhiteElo "2094"]
[BlackElo "1858"]
[PlyCount "69"]
[EventDate "2010.04.29"]
[EventType "swiss"]
[EventRounds "9"]
[EventCountry "NED"]
[SourceTitle "EXT 2011"]
[Source "ChessBase"]
[SourceDate "2010.11.26"]
[SourceVersion "1"]
[SourceVersionDate "2010.11.26"]
[SourceQuality "1"]

1. e4 e5 2. Nf3 Nc6 3. Bb5 a6 4. Bxc6 dxc6 5. 0-0 f6 6. d4 exd4 7. Nxd4 Bd6 8. Qh5+ g6 9. Qf3 Qe7 10. Bf4 Bd7 11. Na3 c5 12. Ne2 Bc6 13. Bxd6 cxd6 14. Nc3 Qf7 15. Rad1 0-0-0 16. Qf4 Qe6 17. Nd5 b5 18. c4 b4 19. Nc2 Bxd5 20. cxd5 Qe5 21. Qxe5 dxe5 22. a3 a5 23. axb4 axb4 24. Ne3 Kb7 25. Ra1 f5 26. Ra5 Ne7 27. Rxc5 Kb6 28. Rc4 fxe4 29. Rxb4+ Kc5 30. Rxe4 Kd6 31. Rd1 Rb8 32. Nc4+ Kc5 33. Nxe5 Rhd8 34. Nd3+ Kd6 35. Re6+ 1-0

[Event "NED-ch U21"]
[Site "Haarlem"]
[Date "2010.05.03"]
[Round "5"]
[White "Goudriaan, Etienne"]
[Black "Slagter, David"]
[Result "1-0"]
[WhiteElo "2239"]
[BlackElo "2094"]
[PlyCount "81"]
[EventDate "2010.04.29"]
[EventType "swiss"]
[EventRounds "9"]
[EventCountry "NED"]
[SourceTitle "EXT 2011"]
[Source "ChessBase"]
[SourceDate "2010.11.26"]
[SourceVersion "1"]
[SourceVersionDate "2010.11.26"]
[SourceQuality "1"]

1. d4 Nf6 2. c4 g6 3. Nc3 Bg7 4. e4 d6 5. Be2 0-0 6. Nf3 e5 7. 0-0 Nc6 8. d5 Ne7 9. Ne1 Ne8 10. Nd3 f5 11. Bd2 Nf6 12. f3 f4 13. c5 g5 14. Rc1 Ne8 15. a4 Rf6 16. Nb5 h5 17. Ba5 b6 18. cxd6 cxd6 19. Be1 Rg6 20. Nb4 a6 21. Na3 g4 22. Nc6 Nxc6 23. dxc6 g3 24. h3 Qh4 25. Bc4+ Kh7 26. Bf7 Rf6 27. Bxe8 Bxh3 28. gxh3 Qxh3 29. Qe2 Rxe8 30. Qg2 Qe6 31. Qh1 g2 32. Kxg2 Rg6+ 33. Kf2 Bh6 34. Qxh5 Reg8 35. Rh1 Rg2+ 36. Kf1 R8g5 37. Qxh6+ Qxh6 38. Rxh6+ Kxh6 39. c7 Rg1+ 40. Ke2 R5g2+ 41. Bf2 1-0

[Event "NED-ch U21"]
[Site "Haarlem"]
[Date "2010.04.29"]
[Round "1"]
[White "Slagter, David"]
[Black "Kuipers, Stefan"]
[Result "0-1"]
[WhiteElo "2094"]
[BlackElo "2380"]
[PlyCount "86"]
[EventDate "2010.04.29"]
[EventType "swiss"]
[EventRounds "9"]
[EventCountry "NED"]
[SourceTitle "EXT 2011"]
[Source "ChessBase"]
[SourceDate "2010.11.26"]
[SourceVersion "1"]
[SourceVersionDate "2010.11.26"]
[SourceQuality "1"]

1. e4 c5 2. Nf3 Nc6 3. d4 cxd4 4. Nxd4 Nf6 5. Nc3 e5 6. Ndb5 d6 7. Bg5 a6 8. Na3 b5 9. Bxf6 gxf6 10. Nd5 Bg7 11. g3 f5 12. Bg2 fxe4 13. Bxe4 Be6 14. Qh5 Rc8 15. 0-0-0 Ne7 16. Qg5 Rg8 17. Rhe1 Nxd5 18. Qxd8+ Kxd8 19. Bxd5 Ke7 20. Rd3 Rc5 21. Bxe6 Kxe6 22. Nb1 d5 23. Rc3 Rgc8 24. Rxc5 Rxc5 25. Nd2 f5 26. f3 h5 27. Nf1 Bf6 28. Ne3 Rc7 29. Ng2 h4 30. Nf4+ Kd6 31. Nh5 Bd8 32. gxh4 Rh7 33. Ng3 Ke6 34. f4 e4 35. h5 Rg7 36. c3 Rg4 37. Ne2 Bb6 38. Nd4+ Bxd4 39. cxd4 Rxf4 40. Rg1 Rg4 41. Re1 f4 42. h3 Rg2 43. h6 Kf6 0-1

[Event "Groningen op-A"]
[Site "Groningen"]
[Date "2009.12.28"]
[Round "7"]
[White "Jellema, Yme Jan"]
[Black "Slagter, David"]
[Result "1-0"]
[WhiteElo "2193"]
[BlackElo "2108"]
[PlyCount "83"]
[EventDate "2009.12.21"]
[EventType "swiss"]
[EventRounds "9"]
[EventCountry "NED"]
[SourceTitle "CBM 134 Extra"]
[Source "ChessBase"]
[SourceDate "2010.03.03"]
[SourceVersion "1"]
[SourceVersionDate "2010.03.03"]
[SourceQuality "1"]

1. e4 e6 2. d4 d5 3. Nc3 Nf6 4. e5 Nfd7 5. f4 c5 6. Nf3 Nc6 7. Be3 Qb6 8. Na4 Qa5+ 9. c3 cxd4 10. b4 Nxb4 11. cxb4 Bxb4+ 12. Bd2 Bxd2+ 13. Nxd2 b6 14. Be2 Ba6 15. Bxa6 Qxa6 16. Nf3 Nc5 17. Nxc5 bxc5 18. Qe2 Qa5+ 19. Qd2 Qa3 20. 0-0 Rb8 21. Qc1 Qc3 22. Rf2 Rb5 23. Rc2 Qe3+ 24. Qxe3 dxe3 25. Rac1 Kd7 26. Nd4 Rb7 27. Rxc5 Rhb8 28. Nb3 f6 29. exf6 gxf6 30. Kf1 Rg8 31. g3 h5 32. Ke2 h4 33. Kf3 hxg3 34. hxg3 e5 35. Rxd5+ Ke6 36. Rd3 Rbg7 37. Nc5+ Kf5 38. Ne4 e2 39. Rd6 e1N+ 40. Rxe1 exf4 41. Rxf6+ Ke5 42. gxf4+ 1-0

[Event "Groningen op-A"]
[Site "Groningen"]
[Date "2009.12.23"]
[Round "3"]
[White "Slagter, David"]
[Black "Heemskerk, Wim"]
[Result "0-1"]
[WhiteElo "2108"]
[BlackElo "2236"]
[PlyCount "68"]
[EventDate "2009.12.21"]
[EventType "swiss"]
[EventRounds "9"]
[EventCountry "NED"]
[SourceTitle "CBM 134 Extra"]
[Source "ChessBase"]
[SourceDate "2010.03.03"]
[SourceVersion "1"]
[SourceVersionDate "2010.03.03"]
[SourceQuality "1"]

1. e4 e6 2. d4 d5 3. Nc3 Bb4 4. e5 b6 5. Qg4 Bf8 6. Nf3 Qd7 7. a4 Nc6 8. Bd2 Nge7 9. Nd1 Nf5 10. Ne3 h5 11. Qf4 g5 12. Qxg5 Nfxd4 13. Nxd4 Nxd4 14. Qf6 Rg8 15. Qh4 Nc6 16. Qxh5 Bb7 17. Ng4 Be7 18. Nh6 Rg7 19. Bd3 0-0-0 20. 0-0 Rh8 21. a5 Nxa5 22. Qe2 Nc6 23. Ba6 Nb8 24. Bxb7+ Kxb7 25. b4 a6 26. Ra3 Rgh7 27. Ng4 Qb5 28. Qf3 Qc4 29. Rc1 Nc6 30. h3 Nd4 31. Qe3 Ne2+ 32. Kh2 Nxc1 33. Bxc1 Qxg4 34. Rb3 Qe4 0-1

[Event "Groningen op-A"]
[Site "Groningen"]
[Date "2009.12.22"]
[Round "2"]
[White "Haast, Anne"]
[Black "Slagter, David"]
[Result "1/2-1/2"]
[WhiteElo "2251"]
[BlackElo "2108"]
[PlyCount "69"]
[EventDate "2009.12.21"]
[EventType "swiss"]
[EventRounds "9"]
[EventCountry "NED"]
[SourceTitle "CBM 134 Extra"]
[Source "ChessBase"]
[SourceDate "2010.03.03"]
[SourceVersion "1"]
[SourceVersionDate "2010.03.03"]
[SourceQuality "1"]

1. e4 e6 2. d4 d5 3. Nc3 Nf6 4. Bg5 Be7 5. e5 Nfd7 6. h4 h6 7. Bxe7 Qxe7 8. f4 a6 9. Nf3 c5 10. Qd2 Nc6 11. 0-0-0 b5 12. g4 c4 13. f5 Nb6 14. Ne2 exf5 15. g5 Be6 16. Nf4 hxg5 17. Nxg5 Rh6 18. Rg1 Na4 19. c3 b4 20. Qc2 Nb6 21. Bh3 bxc3 22. bxc3 Rxh4 23. Rdf1 Qa3+ 24. Kd2 Na4 25. Ngxe6 fxe6 26. Rxg7 Ne7 27. Rxe7+ Kxe7 28. Ng6+ Kd7 29. Nxh4 Rb8 30. Rb1 Rxb1 31. Qxb1 Qxc3+ 32. Ke2 Qxh3 33. Qb7+ Kd8 34. Qb8+ Kd7 35. Qb7+ 1/2-1/2

[Event "Enschede op-B U16"]
[Site "Enschede"]
[Date "2009.08.05"]
[Round "6"]
[White "Van Osch, Mees"]
[Black "Slagter, David"]
[Result "1/2-1/2"]
[WhiteElo "1776"]
[BlackElo "1986"]
[PlyCount "38"]
[EventDate "2009.08.03"]
[EventType "swiss"]
[EventRounds "9"]
[EventCountry "NED"]
[SourceTitle "CBM 132 Extra"]
[Source "ChessBase"]
[SourceDate "2009.11.03"]
[SourceVersion "1"]
[SourceVersionDate "2009.11.03"]
[SourceQuality "1"]

1. e4 e6 2. Nc3 d5 3. f4 d4 4. Nce2 c5 5. d3 Nc6 6. Nf3 g6 7. g3 Bg7 8. Bg2 Nge7 9. 0-0 0-0 10. Bd2 f5 11. e5 b5 12. a4 Ba6 13. Nc1 c4 14. axb5 Bxb5 15. dxc4 Bxc4 16. Nd3 Bxd3 17. cxd3 Qb6 18. Ng5 Qxb2 19. Nxe6 Rfc8 1/2-1/2

[Event "NED-ch U17"]
[Site "Venlo"]
[Date "2009.05.01"]
[Round "8"]
[White "Hachijan, Armen"]
[Black "Slagter, David"]
[Result "1-0"]
[WhiteElo "2085"]
[BlackElo "1984"]
[PlyCount "147"]
[EventDate "2009.04.24"]
[EventType "swiss"]
[EventRounds "9"]
[EventCountry "NED"]
[SourceTitle "EXT 2013"]
[Source "ChessBase"]
[SourceDate "2012.11.22"]
[SourceVersion "1"]
[SourceVersionDate "2012.11.22"]
[SourceQuality "1"]

1. e4 e6 2. d4 d5 3. Nc3 Nf6 4. e5 Nfd7 5. f4 c5 6. Nf3 Nc6 7. Be3 Qb6 8. Na4 Qa5+ 9. c3 cxd4 10. b4 Nxb4 11. cxb4 Bxb4+ 12. Bd2 Bxd2+ 13. Nxd2 b6 14. Rb1 Ba6 15. Bxa6 Qxa6 16. Nf3 Nc5 17. Nb2 Qxa2 18. Nxd4 Qa5+ 19. Qd2 Qxd2+ 20. Kxd2 Kd7 21. Nd3 g6 22. Nxc5+ bxc5 23. Rb7+ Kc8 24. Re7 cxd4 25. Rc1+ Kd8 26. Rcc7 Rf8 27. Kd3 a5 28. Kxd4 a4 29. Kc5 a3 30. Red7+ Ke8 31. Ra7 a2 32. Re7+ Kd8 33. Rxa8+ Kxe7 34. Ra7+ Kd8 35. Kc6 Re8 36. Kd6 Kc8 37. Ra8+ Kb7 38. Rxa2 Rc8 39. Rb2+ Ka6 40. g4 Rc4 41. f5 d4 42. fxe6 fxe6 43. Kxe6 d3 44. Kd5 Rc2 45. Rb3 Rxh2 46. Rxd3 Kb7 47. Ke6 Re2 48. g5 Kc8 49. Rf3 Rb2 50. Rf8+ Kc7 51. Rf7+ Kd8 52. Rxh7 Rb6+ 53. Kf7 Rb7+ 54. Kxg6 Rb6+ 55. Kf5 Ke8 56. e6 Rb1 57. Rh4 Ke7 58. Rh7+ Kf8 59. Ra7 Rf1+ 60. Kg6 Re1 61. Ra6 Ke7 62. Kg7 Rg1 63. g6 Rg2 64. Ra1 Kxe6 65. Re1+ Kd7 66. Kh7 Rh2+ 67. Kg8 Rh3 68. g7 Rh2 69. Re4 Rh1 70. Kf7 Rf1+ 71. Kg6 Rg1+ 72. Kf6 Kd8 73. Ra4 Kd7 74. Ra5 1-0

[Event "NED-ch U17"]
[Site "Venlo"]
[Date "2009.04.27"]
[Round "4"]
[White "Slagter, David"]
[Black "Otten, Martijn"]
[Result "1-0"]
[WhiteElo "1984"]
[BlackElo "1735"]
[PlyCount "73"]
[EventDate "2009.04.24"]
[EventType "swiss"]
[EventRounds "9"]
[EventCountry "NED"]
[SourceTitle "EXT 2013"]
[Source "ChessBase"]
[SourceDate "2012.11.22"]
[SourceVersion "1"]
[SourceVersionDate "2012.11.22"]
[SourceQuality "1"]

1. e4 e6 2. d4 d5 3. Nc3 Nf6 4. Bg5 Bb4 5. Bd3 h6 6. Bxf6 Qxf6 7. e5 Qe7 8. Qg4 Kf8 9. a3 Bxc3+ 10. bxc3 c5 11. h4 b6 12. Rh3 h5 13. Qf4 Ba6 14. Rf3 Bxd3 15. cxd3 Nd7 16. Nh3 Kg8 17. Kf1 Rf8 18. Re1 Rh6 19. dxc5 Nxc5 20. d4 Nb7 21. Rg3 Rg6 22. Rg5 Rxg5 23. Nxg5 Na5 24. Qf3 g6 25. g4 Nc4 26. Kg2 Nd2 27. Qg3 hxg4 28. Qxg4 Ne4 29. Nxe4 dxe4 30. h5 Kg7 31. Rxe4 Qxa3 32. Qg5 Rg8 33. Rf4 Qf8 34. hxg6 Qa8+ 35. f3 f5 36. Qf6+ Kh6 37. Rh4# 1-0

[Event "Groningen op-B"]
[Site "Groningen"]
[Date "2008.12.28"]
[Round "8"]
[White "Slagter, David"]
[Black "Abma, Klaas"]
[Result "1/2-1/2"]
[WhiteElo "1966"]
[BlackElo "1930"]
[PlyCount "50"]
[EventDate "2008.12.21"]
[EventType "swiss"]
[EventRounds "9"]
[EventCountry "NED"]
[SourceTitle "CBM 127 Extra"]
[Source "ChessBase"]
[SourceDate "2009.01.08"]
[SourceVersion "2"]
[SourceVersionDate "2009.01.28"]
[SourceQuality "1"]

1. e4 e6 2. d4 d5 3. Nc3 Bb4 4. e5 c5 5. Bd2 Ne7 6. Nb5 Bxd2+ 7. Qxd2 0-0 8. dxc5 Nbc6 9. f4 f6 10. exf6 Rxf6 11. Bd3 e5 12. fxe5 Nxe5 13. 0-0-0 Nxd3+ 14. Qxd3 Bf5 15. Qb3 Rc8 16. Nd6 Bxc2 17. Qxc2 Rxd6 18. cxd6 Rxc2+ 19. Kxc2 Qxd6 20. Rd2 Qa6 21. Ne2 Qxa2 22. Nc3 Qc4 23. Kb1 d4 24. Ne2 d3 25. Nc1 Nc6 1/2-1/2

[Event "Groningen op-B"]
[Site "Groningen"]
[Date "2008.12.26"]
[Round "5"]
[White "Van Velzen, Martin"]
[Black "Slagter, David"]
[Result "0-1"]
[WhiteElo "1796"]
[BlackElo "1966"]
[PlyCount "128"]
[EventDate "2008.12.21"]
[EventType "swiss"]
[EventRounds "9"]
[EventCountry "NED"]
[SourceTitle "CBM 127 Extra"]
[Source "ChessBase"]
[SourceDate "2009.01.08"]
[SourceVersion "2"]
[SourceVersionDate "2009.01.28"]
[SourceQuality "1"]

1. e4 e6 2. d3 d5 3. Nd2 c5 4. Ngf3 Nc6 5. g3 Nf6 6. Bg2 Be7 7. 0-0 Qb6 8. Re1 Bd7 9. c3 0-0-0 10. exd5 exd5 11. a3 h5 12. Nf1 h4 13. Nxh4 Bg4 14. Bf3 Be6 15. Ng6 Rh7 16. Nf4 Nb8 17. Nxe6 fxe6 18. Qe2 Rd6 19. Bf4 Rc6 20. c4 g6 21. Ne3 Qd8 22. cxd5 exd5 23. Ng4 Nh5 24. Bxb8 Kxb8 25. Ne5 Rb6 26. Nxg6 Rxg6 27. Bxh5 Rg5 28. Bf3 Qh8 29. h4 Rf5 30. Bg2 Rhf7 31. Qe6 Qxb2 32. Rf1 Qd4 33. Bh3 Qe5 34. Bxf5 Qxf5 35. Qxf5 Rxf5 36. Rae1 Bf6 37. Re8+ Kc7 38. Rf8 c4 39. dxc4 dxc4 40. g4 Rf4 41. f3 Bd4+ 42. Kg2 Rxf8 43. g5 Bb2 44. h5 c3 45. Rf2 Bc1 46. g6 Rh8 47. Rc2 Bd2 48. g7 Rg8 49. h6 Kd6 50. Kh3 Bxh6 51. Rxc3 Rxg7 52. Rd3+ Kc5 53. Kh4 b5 54. Kh5 Bf4 55. Rd8 Rg3 56. Ra8 Kb6 57. Rf8 Rxf3 58. Kg4 Rxa3 59. Kxf4 Rd3 60. Ke4 Rd7 61. Rf6+ Ka5 62. Rf1 b4 63. Ra1+ Kb5 64. Ke5 a5 0-1

[Event "NED-ch U17"]
[Site "Venlo"]
[Date "2008.05.03"]
[Round "9"]
[White "Slagter, David"]
[Black "Beumer, Sebas"]
[Result "1-0"]
[WhiteElo "1884"]
[BlackElo "1947"]
[PlyCount "91"]
[EventDate "2008.04.25"]
[EventType "swiss"]
[EventRounds "9"]
[EventCountry "NED"]
[SourceTitle "CBM 123 Extra"]
[Source "ChessBase"]
[SourceDate "2008.05.06"]
[SourceVersion "1"]
[SourceVersionDate "2008.05.06"]
[SourceQuality "1"]

1. e4 c5 2. Nf3 d6 3. d4 cxd4 4. Nxd4 Nf6 5. Nc3 Nc6 6. Bg5 Bd7 7. Be2 Qa5 8. Bxf6 gxf6 9. 0-0 Rg8 10. Nd5 Nxd4 11. Qxd4 Bg7 12. Qe3 e6 13. b4 Qd8 14. Nc3 a6 15. Rad1 Qc7 16. Rd3 Bf8 17. f4 a5 18. a3 axb4 19. axb4 Be7 20. f5 b5 21. fxe6 fxe6 22. Qh6 Qa7+ 23. Kh1 0-0-0 24. Nxb5 Bxb5 25. Rc3+ Kb8 26. Bxb5 Qd4 27. Qe3 Qxe3 28. Rxe3 d5 29. exd5 Rxd5 30. c4 Rd2 31. Bc6 e5 32. b5 Rg4 33. Bd5 Rf4 34. Ra1 Ra2 35. Ree1 Rff2 36. h3 Bc5 37. Rf1 f5 38. Rxa2 Rxf1+ 39. Kh2 f4 40. h4 Bf2 41. h5 Bg1+ 42. Kh3 Rc1 43. Kg4 Kc7 44. Kf5 Bd4 45. Ra6 Bb6 46. Kxe5 1-0

[Event "Twente Young Master op-C"]
[Site "Twente"]
[Date "2007.08.08"]
[Round "4"]
[White "Slagter, David"]
[Black "Suurmond, Rik"]
[Result "1-0"]
[WhiteElo "1652"]
[BlackElo "1494"]
[PlyCount "51"]
[EventDate "2007.08.06"]
[EventType "swiss"]
[EventRounds "9"]
[EventCountry "NED"]
[SourceTitle "EXT 2008"]
[Source "ChessBase"]
[SourceDate "2007.11.25"]
[SourceVersion "1"]
[SourceVersionDate "2007.11.25"]
[SourceQuality "1"]

1. e4 c5 2. Nf3 Nc6 3. d4 Nf6 4. d5 Nb8 5. c4 Nxe4 6. Bd3 Nf6 7. Bg5 e6 8. Nc3 h6 9. Bf4 a6 10. 0-0 d6 11. Re1 Be7 12. Ne4 e5 13. Nxf6+ Bxf6 14. Nd2 0-0 15. Be3 Bg5 16. Qh5 Bxe3 17. Rxe3 Nd7 18. Rg3 Kh8 19. Ne4 Nf6 20. Nxf6 Qxf6 21. Re1 Bd7 22. Ree3 b5 23. Ref3 Qe7 24. Rxg7 Kxg7 25. Rg3+ Kf6 26. Qh4# 1-0